Venčurnyj kapital i innovacii.

Svetová prax inovačných procesov využíva netradičné kanály financovania v oblasti inovácií. Venovanie pozornosti unikátnemu mechanizmu financovania, a to ventures (rizikový) biznisu. Charakteristika organizačnej formy ventures kapitálu a inovačných fondov vo ventures firmách. Význam ventures oddelen...

Descrizione completa

Salvato in:
Dettagli Bibliografici
Autore principale: Ruzavina, E.
Altri autori: Šechovcova, N.
Natura: Capitolo di libro
Lingua:russo
Soggetti:
Tags: Aggiungi Tag
Nessun Tag, puoi essere il primo ad aggiungerne!!

MARC

LEADER 00000naa a2200000 4500
001 r010172
005 20221130113248.7
041 0 |a rus 
044 |a [SU] 
245 1 0 |a Venčurnyj kapital i innovacii.  |c E. Ruzavina, N. Šechovcova 
520 |a Svetová prax inovačných procesov využíva netradičné kanály financovania v oblasti inovácií. Venovanie pozornosti unikátnemu mechanizmu financovania, a to ventures (rizikový) biznisu. Charakteristika organizačnej formy ventures kapitálu a inovačných fondov vo ventures firmách. Význam ventures oddelení v korporáciách a ventures kapitálu v technopolisoch. 
610 2 0 |a inovácia 
610 2 0 |a financovanie 
610 2 0 |a kapitál 
610 2 0 |a riziko 
610 2 0 |a podnikanie 
100 1 |a Ruzavina, E. 
700 1 |a Šechovcova, N.